| 000 | 00520 a2200193 4500 | ||
|---|---|---|---|
| 001 | 002278 | ||
| 003 | OSt | ||
| 005 | 20220112154221.0 | ||
| 008 | |||
| 082 |
_a342.0686 _bG95R |
||
| 100 | 1 | _aGupta, M.S. | |
| 245 | 1 |
_aRajasthan service rules _cby M.S. Gupta and A. Khandelwal |
|
| 260 |
_aJaipur _bKishor Book House _c2010 |
||
| 300 | _a2v. (v.1: 643; v.2: 608p.) | ||
| 500 | _a2270 v.1; 2271 v.2 | ||
| 653 | _aCentral Government Rules | ||
| 700 | _aKhandelwal, A. | ||
| 942 |
_2ddc _cBK |
||
| 999 |
_c61 _d61 |
||